[Event "Seville op 35th"]
[Site "Seville"]
[Date "2010.01.15"]
[Round "8"]
[White "Torres Ventosa, Pedro Eugenio"]
[Black "Barrero Garcia, Carlos"]
[Result "1-0"]
[WhiteElo "2148"]
[BlackElo "2421"]
[PlyCount "59"]
[EventDate "2010.01.08"]
[EventType "swiss"]
[EventRounds "9"]
[EventCountry "ESP"]
[SourceTitle "CBM 134 Extra"]
[Source "ChessBase"]
[SourceDate "2010.03.03"]
[SourceVersion "1"]
[SourceVersionDate "2010.03.03"]
[SourceQuality "1"]

1. e4 c5 2. Nf3 e6 3. c3 d5 4. exd5 exd5 5. d4 Nc6 6. Be2 Bd6 7. dxc5 Bxc5 8. 0-0 Nge7 9. Nbd2 0-0 10. Nb3 Bb6 11. Bg5 f6 12. Bf4 Ng6 13. Bg3 f5 14. h3 f4 15. Bh2 Kh8 16. Qd2 Bf5 17. Nbd4 Bd7 18. Rad1 Qf6 19. Nc2 Rae8 20. Bb5 Rd8 21. Qxd5 Bg4 22. Qe4 Rde8 23. Qd5 Bxf3 24. Qxf3 Nh4 25. Qg4 Ne5 26. Qxf4 Qg6 27. Qg3 Qxc2 28. Bxe8 Bxf2+ 29. Kh1 Rf5 30. Ba4 1-0

[Event "EU-ch U18 19th"]
[Site "Fermo"]
[Date "2009.09.06"]
[Round "6"]
[White "Torres Ventosa, Pedro Eugenio"]
[Black "Pomaro, Alberto"]
[Result "0-1"]
[WhiteElo "2135"]
[BlackElo "2284"]
[PlyCount "86"]
[EventDate "2009.08.31"]
[EventType "swiss"]
[EventRounds "9"]
[EventCountry "ITA"]
[SourceTitle "CBM 132 Extra"]
[Source "ChessBase"]
[SourceDate "2009.11.03"]
[SourceVersion "1"]
[SourceVersionDate "2009.11.03"]
[SourceQuality "1"]

1. e4 c5 2. Nf3 d6 3. c3 Nf6 4. h3 Nbd7 5. Bd3 b6 6. Bc2 Bb7 7. Qe2 Qc7 8. 0-0 Rc8 9. Re1 e5 10. d3 g6 11. Bg5 Bg7 12. Nbd2 h6 13. Be3 0-0 14. Nf1 d5 15. exd5 Nxd5 16. Qd2 Kh7 17. Rac1 f5 18. Qd1 Rfe8 19. a3 Qb8 20. Ba4 b5 21. Bb3 N7b6 22. Rc2 Nxe3 23. Nxe3 c4 24. dxc4 bxc4 25. Ba2 Be4 26. Rd2 Bd3 27. Nc2 e4 28. Nfd4 Nd5 29. Ne3 Nf4 30. Qa4 Qc7 31. Nb5 Qc6 32. Qb4 Rb8 33. Qd6 Nxh3+ 34. gxh3 Qxb5 35. Qd5 Qxd5 36. Nxd5 Be5 37. f4 Rbd8 38. fxe5 Rxd5 39. e6 Rxe6 40. Kf2 f4 41. Rdd1 Rb6 42. b4 cxb3 43. Bb1 Rbd6 0-1

[Event "EU-ch U18 19th"]
[Site "Fermo"]
[Date "2009.09.04"]
[Round "5"]
[White "MacGregor, Ian Ross"]
[Black "Torres Ventosa, Pedro Eugenio"]
[Result "0-1"]
[WhiteElo "1854"]
[BlackElo "2135"]
[PlyCount "60"]
[EventDate "2009.08.31"]
[EventType "swiss"]
[EventRounds "9"]
[EventCountry "ITA"]
[SourceTitle "CBM 132 Extra"]
[Source "ChessBase"]
[SourceDate "2009.11.03"]
[SourceVersion "1"]
[SourceVersionDate "2009.11.03"]
[SourceQuality "1"]

1. d4 Nf6 2. Nf3 g6 3. Bf4 Bg7 4. e3 0-0 5. Be2 d5 6. Nbd2 b6 7. Ne5 Bb7 8. h4 Nbd7 9. h5 Ne4 10. hxg6 hxg6 11. Bd3 Nxe5 12. dxe5 Nxd2 13. Kxd2 Qd7 14. Qf3 Qe6 15. Qg3 Rfd8 16. Rh2 c5 17. c3 Rac8 18. Rah1 d4 19. exd4 cxd4 20. c4 b5 21. b3 bxc4 22. Bxc4 Bd5 23. Qh4 Bxe5 24. Bxe5 Qxe5 25. Re1 Qg7 26. Rxe7 Bxc4 27. bxc4 d3 28. Rb7 Rd4 29. Qh3 Rdxc4 30. Qxd3 Rd4 0-1

[Event "EU-ch U18 19th"]
[Site "Fermo"]
[Date "2009.09.03"]
[Round "4"]
[White "Torres Ventosa, Pedro Eugenio"]
[Black "Dvornicen, Ivan"]
[Result "1/2-1/2"]
[WhiteElo "2135"]
[BlackElo "1859"]
[PlyCount "102"]
[EventDate "2009.08.31"]
[EventType "swiss"]
[EventRounds "9"]
[EventCountry "ITA"]
[SourceTitle "CBM 132 Extra"]
[Source "ChessBase"]
[SourceDate "2009.11.03"]
[SourceVersion "1"]
[SourceVersionDate "2009.11.03"]
[SourceQuality "1"]

1. d4 d5 2. Bg5 Nd7 3. e3 Ngf6 4. Nf3 c5 5. c3 e6 6. Bd3 Be7 7. 0-0 0-0 8. Nbd2 b6 9. Ne5 Nxe5 10. dxe5 Nd7 11. Bxe7 Qxe7 12. f4 f5 13. Rf3 g5 14. Rh3 g4 15. Rh5 Qf7 16. Rg5+ Kh8 17. Qe1 Rg8 18. Rxg8+ Kxg8 19. Qh4 Bb7 20. h3 gxh3 21. Qxh3 a5 22. Rf1 Ba6 23. Bxa6 Rxa6 24. Rf3 Kf8 25. Qh6+ Kg8 26. Rg3+ Kh8 27. Nf3 Nf8 28. Ng5 Qe7 29. a4 Ra7 30. Rh3 Rb7 31. Kf2 b5 32. axb5 Rxb5 33. Qh5 Rxb2+ 34. Kg1 Rb7 35. Qd1 Qe8 36. Rh6 a4 37. Qa1 Ng6 38. Qa3 c4 39. Qd6 Re7 40. Qa6 Kg8 41. Kf2 Nf8 42. Rf6 Qd7 43. Nf3 Qb7 44. Qxa4 Qb2+ 45. Kg3 Rg7+ 46. Ng5 Rxg5+ 47. fxg5 Qe2 48. Kh2 Qxe3 49. Qe8 Qf4+ 50. Kg1 Qc1+ 51. Kf2 Qd2+ 1/2-1/2